Iggy pig's snowball fight! / (Record no. 5925)
[ view plain ]
| 000 -LEADER | |
|---|---|
| fixed length control field | 01010nam a22003017a 4500 |
| 001 - CONTROL NUMBER | |
| control field | 5925 |
| 003 - CONTROL NUMBER IDENTIFIER | |
| control field | FISKH |
| 005 - DATE AND TIME OF LATEST TRANSACTION | |
| control field | 20250207113619.0 |
| 008 - FIXED-LENGTH DATA ELEMENTS--GENERAL INFORMATION | |
| fixed length control field | 250207b cb ||||| |||| 00| 0 eng d |
| 020 ## - INTERNATIONAL STANDARD BOOK NUMBER | |
| International Standard Book Number | 0439382068 |
| 040 ## - CATALOGING SOURCE | |
| Original cataloging agency | FISKH |
| Language of cataloging | eng |
| Transcribing agency | FISKH |
| Modifying agency | FISKH |
| 050 ## - LIBRARY OF CONGRESS CALL NUMBER | |
| Classification number | F8765 |
| 082 ## - DEWEY DECIMAL CLASSIFICATION NUMBER | |
| Classification number | 813.54 |
| 100 ## - MAIN ENTRY--PERSONAL NAME | |
| Personal name | French, Vivian |
| Dates associated with a name | (1945-) |
| 245 ## - TITLE STATEMENT | |
| Title | Iggy pig's snowball fight! / |
| Statement of responsibility, etc. | Vivian French ; Illustrated by David Melling |
| 250 ## - EDITION STATEMENT | |
| Edition statement | This edition first published in 2002 |
| 260 ## - PUBLICATION, DISTRIBUTION, ETC. | |
| Place of publication, distribution, etc. | London : |
| Name of publisher, distributor, etc. | Scholastic, |
| Date of publication, distribution, etc. | 1999. |
| 300 ## - PHYSICAL DESCRIPTION | |
| Extent | 42 pages : |
| Other physical details | illustrations ; |
| Dimensions | 20 cm |
| 505 ## - FORMATTED CONTENTS NOTE | |
| Formatted contents note | G<br/> |
| 520 ## - SUMMARY, ETC. | |
| Summary, etc. | Iggy Pig looks out of his window and everything is white! Iggy is intrigued, what is this white stuff! And can he eat it? But Mother Pig puts him straight and bundles Iggy up to go out and play. |
| 521 8# - TARGET AUDIENCE NOTE | |
| Target audience note | 370<br/> |
| Source | Lexile<br/> |
| 521 8# - TARGET AUDIENCE NOTE | |
| Target audience note | G<br/> |
| Source | Raz-Plus<br/> |
| 650 ## - SUBJECT ADDED ENTRY--TOPICAL TERM | |
| Source of heading or term | Snow |
| Topical term or geographic name entry element | Winter |
| 650 ## - SUBJECT ADDED ENTRY--TOPICAL TERM | |
| Source of heading or term | Seasons |
| Topical term or geographic name entry element | Pigs |
| 700 ## - ADDED ENTRY--PERSONAL NAME | |
| Personal name | Melling, David |
| Dates associated with a name | illustrator |
| 942 ## - ADDED ENTRY ELEMENTS (KOHA) | |
| Source of classification or shelving scheme | Dewey Decimal Classification |
| Koha item type | Books |
| Suppress in OPAC | No |
| Withdrawn status | Lost status | Source of classification or shelving scheme | Damaged status | Not for loan | Collection | Home library | Current library | Shelving location | Date acquired | Total Checkouts | Full call number | Barcode | Date last seen | Copy number | Price effective from | Koha item type |
|---|---|---|---|---|---|---|---|---|---|---|---|---|---|---|---|---|
| Dewey Decimal Classification | Juvenile Fiction | Footprints International School Library Network Toul Kork Campus | Footprints International School Library Network Toul Kork Campus | TTP Primary Green Bookshelves | 02/07/2025 | FRE 813.54 F8765 | 2025-0448 | 02/07/2025 | 1 | 02/07/2025 | Books |
